Click the Portuguese-Speaking Countries Quiz Stats

Quiz Updated Apr 25, 2018

Challenge
Share
Tweet
Score 0/9 Timer 04:00
15 Plays Today
% Correct
Brazil
98.2%
Portugal
97.8%
Angola
63.1%
Mozambique
56.1%
Cabo Verde
56%
São Tomé
48.9%
Guinea-Bissau
32.4%
Timor-Leste
29.7%
Equatorial Guinea
28.2%

You're not logged in!

Compare scores with friends on all Sporcle quizzes.
Join for Free
OR
Log In

You Might Also Like...

Show Comments

Extras

Top Quizzes Today


Score Distribution

Your Account Isn't Verified!

In order to create a playlist on Sporcle, you need to verify the email address you used during registration. Go to your Sporcle Settings to finish the process.

Report this User

Report this user for behavior that violates our Community Guidelines.

Details: